000
00326nam a22001337a 4500
008
170601b xxu||||| |||| 00| 0 eng d
020
_a
0155078801
041
_a
eng
080
_a
94(7/8)
100
_a
17
101
_a
SHH
245
_a
THE COLD WAR YEARS: AMERICAN FOREIGN POLICY SINCE 1945
_c
HAMMOND,P.Y
942
_2
udc
_c
BK
999
_c
15509
_d
15509